|
|
|
|
| LEADER |
01386nab#a2200421#ar4500 |
| 001 |
000124610 |
| 003 |
SVKKK |
| 005 |
20181204152941.0 |
| 008 |
131126d1915 xo |||||||||||||||b|hun |
| FMT |
|
|
|
| 038 |
|
|
|a SVKKK
|
| 040 |
|
|
|a SVKKK
|b slo
|e AACR2
|
| 041 |
0 |
|
|a hun
|
| 044 |
|
|
|a xo
|c SK
|
| 080 |
|
|
|a 355.337
|2 2011
|
| 080 |
|
|
|a 355.335
|2 2011
|
| 080 |
|
|
|a 355.134
|2 2011
|
| 080 |
|
|
|a 351.856.2
|2 2011
|
| 080 |
|
|
|a 94(100)"1914/1918"
|2 2011
|
| 242 |
1 |
0 |
|a Z bojiska
|
| 245 |
1 |
0 |
|a A harctérről
|
| 520 |
3 |
|
|a Policajný kapitán mesta Ľubica Dr. Andor Roth píše 6. mája 1915 z Haliče ako poručík 3. tirolského cisárskeho streleckého pluku o ťažkých bojoch a prenasledovaní nepriateľa. Po zranenom kapitánovi prevzal velenie roty.
|
| 600 |
1 |
4 |
|a Roth, Andor,
|c JUDr.
|d 1885-1937
|x policajt
|x policajný kapitán
|x vojak c. k. armády
|x poručík 3. tirolského cisárskeho streleckého pluku
|y 1915
|z Ľubica (Slovensko)
|
| 648 |
0 |
4 |
|a 1915
|
| 650 |
0 |
4 |
|a vojaci
|
| 650 |
0 |
4 |
|a nižší dôstojníci
|
| 650 |
0 |
4 |
|a vyznamenania
|
| 650 |
0 |
4 |
|a medaily
|
| 650 |
0 |
4 |
|a prvá svetová vojna, 1914-1918
|
| 651 |
|
4 |
|a Ľubica (Slovensko)
|
| 655 |
|
4 |
|a hungariká
|
| 773 |
0 |
|
|t Szepesi Lapok : Politikai És Tátrai Ujság
|g Roč. XXXI, č. 57 (21.5.1915), s. 4
|
| 958 |
|
|
|a HU
|
| 974 |
|
|
|a vsz
|
| 992 |
|
|
|a RBX
|
| BAS |
|
|
|
| 852 |
|
|
|a SVKKK
|b BIB
|
| 998 |
|
|
|a RETRO
|